000 00188nam a2200085Ia 4500
008 250129s9999 xx 000 0 und d
041 _aeng
245 _aCurrent Labour Reports
260 _c2023
999 _c43273
_d43273